Catalog

Record Details

Catalog Search



Everybody says meow  Cover Image Book Book

Everybody says meow / Constance Lombardo.

Lombardo, Constance, (author,, illustrator.).

Summary:

Everybody Says Meow! Or do they? Fans of Sandra Boynton and of Jules Feiffer's classic Bark, George will meow, bark, and ribbit when they hear this hilarious picture book about a waggish group of adorable animals that just cannot follow one simple instruction.

Record details

  • ISBN: 9780062689887
  • ISBN: 0062689886
  • Physical Description: 1 volume (unpaged) : color illustrations ; 23 x 27 cm
  • Edition: First edition.
  • Publisher: New York : Harper, an imprint of HarperCollins Publishers, [2019]

Content descriptions

Target Audience Note:
Ages 4-8 years
Subject: Cats > Juvenile fiction.
Animal sounds > Juvenile fiction.
Genre: Picture books.

Available copies

  • 1 of 1 copy available at scottsboropl.

Holds

  • 0 current holds with 1 total copy.
Show Only Available Copies
Location Call Number / Copy Notes Barcode Shelving Location Status Due Date
scottsboropl E Lom 32269001140238 Juvenile - Easy Available -

LDR 01446cam a2200349Ii 4500
001152961
003CONS
00520200122093546.0
008190211t20192019nyua j 000 1 eng d
010 . ‡a 2018961830
020 . ‡a9780062689887 ‡q(hardcover)
020 . ‡a0062689886 ‡q(hardcover)
035 . ‡a(CPomAG)LMN615134
08204. ‡a[E] ‡223
090 . ‡aPZ7.1.L66 ‡bEv 2019
1001 . ‡aLombardo, Constance, ‡eauthor, ‡eillustrator.
24510. ‡aEverybody says meow / ‡cConstance Lombardo.
250 . ‡aFirst edition.
264 1. ‡aNew York : ‡bHarper, an imprint of HarperCollins Publishers, ‡c[2019]
300 . ‡a1 volume (unpaged) : ‡bcolor illustrations ; ‡c23 x 27 cm
336 . ‡atext ‡btxt ‡2rdacontent
336 . ‡astill image ‡bsti ‡2rdacontent
337 . ‡aunmediated ‡bn ‡2rdamedia
338 . ‡avolume ‡bnc ‡2rdacarrier
520 . ‡aEverybody Says Meow! Or do they? Fans of Sandra Boynton and of Jules Feiffer's classic Bark, George will meow, bark, and ribbit when they hear this hilarious picture book about a waggish group of adorable animals that just cannot follow one simple instruction.
521 . ‡aAges 4-8 years
650 0. ‡aCats ‡vJuvenile fiction.
650 0. ‡aAnimal sounds ‡vJuvenile fiction.
655 7. ‡aPicture books. ‡2lcgft
914 . ‡aSCP_LP ‡dLMN_cm
959 . ‡i32269001140238 ‡lE Lom ‡aJuvenile - Easy ‡tHardback ‡g20.00
852 . ‡p32269001140238 ‡jE Lom ‡gJuvenile - Easy ‡cHardback ‡y20.00 ‡bSBPL
901 . ‡a152961 ‡bUnknown ‡c152961 ‡tbiblio

Additional Resources